Sui limiti e sulla forma dello insegnamento teorico della chimica : discorso Faraday
Gespeichert in:
| 1. Verfasser: | |
|---|---|
| Format: | Buch |
| Sprache: | Italienisch |
| Erschienen: |
Palermo
Ufficio tip. di Michele Amenta
1872
|
| Katalog: | EDISCO: Suchergebnis im Bibliothekskatalog |
| Schulbuchspezifische Eigenschaften: |
|
| Tags: |
Tag hinzufügen
Keine Tags, Fügen Sie den ersten Tag hinzu!
|
| Hinzugefügt zu: | 30.04.2016 |
| Geändert in: | 04.10.2017 |
MARC
| LEADER | 00000aam a22000007 4500 | ||
|---|---|---|---|
| 001 | 19693 | ||
| 003 | OSt | ||
| 005 | 20171004090332.0 | ||
| 008 | 160501s1872 it 000 0 ita | ||
| 040 | |c Paola Zonca - Torino - SBN | ||
| 041 | 1 | |a ita | |
| 100 | 1 | |a Cannizzaro, Stanislao. | |
| 245 | 0 | 0 | |a Sui limiti e sulla forma dello insegnamento teorico della chimica : discorso Faraday |
| 260 | |a Palermo |b Ufficio tip. di Michele Amenta |c 1872 | ||
| 300 | |a 1 v., ; | ||
| 901 | |a 7 | ||
| 700 | 1 | |a Cannizzaro, Stanislao. | |
| 942 | |2 ddc |c BK | ||
| 546 | |a ita | ||
| 999 | |c 19682 |d 19682 | ||
| 999 | |c edisco:19682 |d 19682 | ||